Personaggi dei grandi romanzi - 2 - Statistics

Statistiche generali
  • Questo quiz è stato fatto 248 volte
  • Il punteggio medio è 12 su 25
Statistiche sulle risposte
Personaggi Romanzo % Corretto
Harry Potter, Ron Weasley, Hermione Granger Harry Potter e la pietra filosofale (Joanne K. Rowling)
97%
Anna Karenina, Konstantin Levin, Aleksej Vronskij Anna Karenina (Lev Tolstoj)
87%
Jay Gatsby, Nick Carraway, Daisy Fay Il grande Gatsby (Francis Scott Fitzgerald)
86%
Padron 'Ntoni, Bastianazzo, Alessi I Malavoglia (Giovanni Verga)
83%
Aramis, Porthos, D'Artagnan I tre moschettieri (Alexandre Dumas)
83%
Winston Smith, Julia, Grande Fratello 1984 (George Orwell)
73%
Dmitrij Karamazov, Ivan Karamazov, Grusenka I fratelli Karamazov (Fedor Dostoevskij)
70%
Elizabeth Bennet, Fitzwilliam Darcy, Jane Bennet Orgoglio e Pregiudizio (Jane Austen)
70%
Adriano Meis, Adriana Palesari, zia Scolastica Il fu Mattia Pascal (Luigi Pirandello)
57%
Siddhartha, Kamala, Govinda Siddhartha (Hermann Hesse)
57%
Andrea Sperelli, Elena Muti, Maria Ferres Il piacere (Gabriele d'Annunzio)
54%
Ismaele, Capitano Achab, Queequeg Moby Dick (Hermann Melville)
54%
Sandokan, Yanez de Gomera, James Brooke I pirati della Malesia (Emilio Salgari)
48%
Vitangelo Moscarda, Dida, Anna Rosa Uno, nessuno e centomila (Luigi Pirandello)
38%
Thomas Buddenbrok, Tony Buddenbrok, Hanno Buddenbrok I Buddenbrok. Decandenza di una famiglia (Thomas Mann)
36%
Phileas Fogg, Jean Passepartout, Miss Auda Il giro del mondo in ottanta giorni (Jules Verne)
30%
Robert Langdon, Sophie Neveau, Leigh Teabing Il codice da Vinci (Dan Brown)
29%
Jim Hawkins, Long John Silver, Ben Gunn L'isola del tesoro (Robert Louis Stevenson)
29%
Enrico Bottini, Garrone, Maestro Perboni Cuore (Edmondo De Amicis)
25%
Julien Sorel, Madame de Renal, Mathilde de la Mole Il rosso e il nero (Stendhal)
19%
Giovanni Drogo, maggiore Matti, tenente Simeoni Il deserto dei Tartari (Dino Buzzati)
14%
Carla Ardengo, Michele Ardengo, Leo Marumeci Gli indifferenti (Alberto Moravia)
11%
Hester, Roger Chillingworth, reverendo Dimmesdale La lettera scarlatta (Nathaniel Hawthorne)
11%
Bernard Rieux, Jean Tarrou, Cottard La peste (Albert Camus)
8%
Frederic Henry, Catherine Barkley, Rinaldi Addio alle armi (Ernest Hemingway)
7%
Nessun quiz corrispondente trovato
Distribuzione punteggi
Percentuale di utenti per punteggio
Percentile per numero di risposta
I tuoi punteggi nel tempo
Non hai fatto questo quiz